Obras del V. P. M. Fray Luis de Granada. Con un Prólogo y la vida del autor por D. José Joaquín de Mora Tomo Primero
Bewaard in:
| Hoofdauteur: | |
|---|---|
| Formaat: | Boek |
| Taal: | Spaans |
| Gepubliceerd in: |
Madrid
Imprenta de los Sucesores de Hernando
1914
|
| Editie: | 1a. ed |
| Reeks: | Biblioteca de Autores Españoles, 6
|
| Onderwerpen: | |
| Tags: |
Voeg label toe
Geen labels, Wees de eerste die dit record labelt!
|
MARC
| LEADER | 00000nam a2200000 a 4500 | ||
|---|---|---|---|
| 001 | UCJ7092 | ||
| 003 | CL-VaPUC | ||
| 008 | 070124e19140000SP |||||||||||||||||spa|d | ||
| 082 | 0 | 4 | |a 860 |b GRA |2 21 |
| 100 | 0 | |a Granada, Luis de |e author |9 378228 | |
| 245 | 1 | 0 | |a Obras del V. P. M. Fray Luis de Granada. Con un Prólogo y la vida del autor por D. José Joaquín de Mora Tomo Primero |
| 246 | 1 | 0 | |a Guía de pecadores |
| 246 | 1 | 0 | |a Introducción del Símbolo de la Fé |
| 246 | 1 | 0 | |a Carta de Eucherio |
| 250 | |a 1a. ed | ||
| 300 | |a xxxvi, 733 p | ||
| 942 | |c BK | ||
| 945 | |d 20070124 00:00:00 |a rinostro | ||
| 260 | |a Madrid |b Imprenta de los Sucesores de Hernando |c 1914 | ||
| 500 | |a 8§, pasta española.- Anteport.- v. en b.- Port.- v. en b. | ||
| 600 | 0 | 7 | |a MORA, JOSE JOAQUIN |2 CL-VaPUC |9 504202 |
| 650 | 7 | |a BIOGRAFIA |2 CL-VaPUC |9 504622 | |
| 650 | 7 | |a BIBLIOGRAFIA |2 CL-VaPUC |9 256175 | |
| 650 | 0 | |a Teología pastoral |9 257832 | |
| 650 | 0 | |a Espiritualidad |9 267331 | |
| 650 | 0 | |a Cristología |9 315091 | |
| 583 | |a last modification |c 20070124 00:00:00 |k Rodrigo Vera | ||
| 490 | 0 | |a Biblioteca de Autores Españoles, 6 | |
| 999 | |c 323192 |d 323190 | ||
| 952 | |0 0 |1 0 |4 0 |6 860_000000000000000_GRA_1914 |7 0 |8 X |9 402591 |a FDOBUD |b FDOBUD |d 2019-11-22 |i 1058428 |o 860 GRA 1914 |p 1058428 |r 2019-11-22 |w 2019-11-22 |y BK_X |k BUD | ||